• 首页
  • 本馆介绍
  • 公告通知
  • 最新文献
  • 馆藏检索
  • 电子资源
  • 读者导购
  • 参考咨询
  • 我的图书馆
  • 登录
  • 详细信息显示
  • 放入我的书架
  • 预约/预借图书
  • 作者相关作品
  • 分类相关作品
  • 丛书相关作品
  • 出版社相关作品

书目信息

  • 表格格式
  • 工作单格式
  • 卡片格式
题名:
富饶森林资源
    
 
作者: 冯欢 主编
分册:  
出版信息: 汕头   汕头大学出版社  2016
页数: 122页
开本: 23cm
丛书名: 中华复兴之光
单 册:
中图分类: S718.4
科图分类:
主题词: 乔木--qiao mu--介绍--中国
电子资源:
ISBN: 978-7-5658-2384-8
000 00849nam0 2200265 45
001 012001002298
005 20131110135933.0
010    @a978-7-5658-2384-8@dCNY29.90
099    @aCAL 012017164770
100    @a20170217d2016 em y0chiy50 ea
101 0  @achi
102    @aCN@b440000
105    @aa z 000yy
106    @ar
200 1  @a富饶森林资源@Afu rao sen lin zi yuan@f冯欢主编
210    @a汕头@c汕头大学出版社@d2016
215    @a122页@c彩图@d23cm
225 1  @a中华复兴之光@Azhong hua fu xing zhi guang
300    @a万里锦绣河山
330    @a本书内容包括“落叶乔木林”、“常绿乔木林”两部分,介绍了中国张家界杜仲树、西山黄栌林、内蒙古沙要云杉、五老峰桂树林等。
606 0  @a乔木@Aqiao mu@x介绍@y中国
690    @aS718.4@v5
701  0 @a冯欢@Ahuan@4主编
801  0 @aCN@b北京卓展@c20191020
905    @b1205173-6@dS718.4@e134@f4
    
    富饶森林资源/冯欢主编.-汕头:汕头大学出版社,2016
    122页:彩图;23cm.-(中华复兴之光)
    万里锦绣河山
    
    ISBN 978-7-5658-2384-8:CNY29.90
    本书内容包括“落叶乔木林”、“常绿乔木林”两部分,介绍了中国张家界杜仲树、西山黄栌林、内蒙古沙要云杉、五老峰桂树林等。
●
相关链接 在E读中查询图书 在五车中查询图书 在当当中查询图书 在豆瓣中查询图书


正题名:富饶森林资源     索取号:S718.4/134         预约/预借

序号 登录号 条形码 馆藏地/架位号 状态 备注
1 1205173   212051731   第二样本阅览室/ [索取号:S718.4/134] 在馆    
2 1205174   212051740   第三借阅区/ [索取号:S718.4/134] 在馆    
3 1205175   212051759   第三借阅区/ [索取号:S718.4/134] 在馆    
4 1205176   212051768   第三借阅区/ [索取号:S718.4/134] 在馆    
唐山师范学院图书馆 欢迎您!
大连网信软件有限公司© 版权所有